Walmsley`s agricultural arbitrations, a handbook of procedure and practice under the agricultural arbitration code in England and Wales (Record no. 87992)

MARC details
000 -LEADER
fixed length control field 00611cam a2200217 4500
001 - CONTROL NUMBER
control field D9658
008 - FIXED-LENGTH DATA ELEMENTS--GENERAL INFORMATION
fixed length control field 090401t1970 xxu||||| |||| 00| 0 eng d
035 ## - SYSTEM CONTROL NUMBER
System control number (Sirsi) u21500
041 ## - LANGUAGE CODE
Language code of text/sound track or separate title eng
050 ## - LIBRARY OF CONGRESS CALL NUMBER
Classification number 347.4109
100 ## - MAIN ENTRY--PERSONAL NAME
Personal name Walmsley, R.Charles
245 ## - TITLE STATEMENT
Title Walmsley`s agricultural arbitrations, a handbook of procedure and practice under the agricultural arbitration code in England and Wales
250 ## - EDITION STATEMENT
Edition statement 3rd
260 ## - PUBLICATION, DISTRIBUTION, ETC.
Place of publication, distribution, etc. London
Name of publisher, distributor, etc. Estates Gazette
Date of publication, distribution, etc. 1970
300 ## - PHYSICAL DESCRIPTION
Extent xii. 153p. 22cm
350 ## - PRICE (NR) (BK AM CF MU VM SE) [OBSOLETE]
Price 2.1
700 ## - ADDED ENTRY--PERSONAL NAME
Personal name Allam, F.W.
700 ## - ADDED ENTRY--PERSONAL NAME
Personal name Chapman, D.H.
942 ## - ADDED ENTRY ELEMENTS (KOHA)
Suppress in OPAC 0
948 ## - LOCAL PROCESSING INFORMATION (OCLC); SERIES PART DESIGNATOR (RLIN)
c (OCLC) 04/03/1997
Holdings
Withdrawn status Lost status Source of classification or shelving scheme Damaged status Not for loan Home library Current library Shelving location Date acquired Cost, normal purchase price Total Checkouts Full call number Barcode Date last seen Date last checked out Copy number Cost, replacement price Price effective from Koha item type
    Dewey Decimal Classification     London London Books 14/09/1999 2.10 4 347.4109 30032417 06/08/2019 04/11/2005 3 2.10 06/08/2019 Book